Impact of globalisation on micro, small and medium enterprises(MSMEs) in india / (Record no. 139998)
[ view plain ]
| 000 -LEADER | |
|---|---|
| fixed length control field | 00560nam a22001697a 4500 |
| 005 - DATE AND TIME OF LATEST TRANSACTION | |
| control field | 20170517114651.0 |
| 010 ## - LCCN (DPL NO) | |
| LC control number | ENG-118195 |
| 020 ## - INTERNATIONAL STANDARD BOOK NUMBER | |
| International Standard Book Number | 9789382549154 |
| Terms of availability | 400.00 |
| 035 ## - SYSTEM CONTROL NUMBER | |
| System control number | EN-101727 |
| 037 ## - SOURCE OF ACQUISITION | |
| Source of stock number/acquisition | DBAD/PUB |
| 082 ## - DEWEY DECIMAL CLASSIFICATION NUMBER | |
| Classification number | 338.6420954 |
| 245 ## - TITLE STATEMENT | |
| Title | Impact of globalisation on micro, small and medium enterprises(MSMEs) in india / |
| Statement of responsibility, etc | Edited by Rajib Lahiri And Avik Ranjan Roy |
| 260 ## - PUBLICATION, DISTRIBUTION, ETC. (IMPRINT) | |
| Place of publication, distribution, etc | Kolkata |
| Name of publisher, distributor, etc | Rachayita |
| Date of publication, distribution, etc | 2013 |
| 270 ## - ADDRESS | |
| Address | 59/5 Garfa Main Road, Kolkata-700075 |
| 300 ## - PHYSICAL DESCRIPTION | |
| Extent | 203p |
| Dimensions | 22cm.(Hb) |
| 942 ## - ADDED ENTRY ELEMENTS (KOHA) | |
| Source of classification or shelving scheme | Dewey Decimal Classification |
| Item type | English Books |
| Classification part | 338.6420954 |
| Call number suffix | IMP |
| Withdrawn status | Lost status | Not for loan | Collection code | Home library | Current library | Date acquired | Source of acquisition | Cost, normal purchase price | Full call number | Barcode | Copy number | Cost, replacement price | Koha item type |
|---|---|---|---|---|---|---|---|---|---|---|---|---|---|
| Not For Loan | Non-fiction | D.B.Act.Division | Bawana | 17/05/2017 | DBAD/PUB | 400.00 | 338.6420954 IMP | EN-101727 | 1 | 400.00 | English Books |
